| 000 | 00646nam a22001937a 4500 | ||
|---|---|---|---|
| 999 |
_c15305 _d15305 |
||
| 003 | AR-CdUCM | ||
| 008 | 190426b ||||| |||| 00| 0 spa d | ||
| 020 | _a968-16-6380-2 | ||
| 040 |
_aMUNICIPALIDAD PROVINCIAL DEL CUSCO _cBIBLIOTECA MUNICIPAL DEL CUSCO |
||
| 082 |
_aPI / 808.06 / _bC76 |
||
| 100 |
_aComotto _934351 |
||
| 245 | _aSiete millones de escarabajos / | ||
| 260 |
_aMéxico, D.F. : _bFondo de cultura económica, _c2001. |
||
| 300 |
_a32 páginas ; _bIlustraciones, _c21 cm. |
||
| 440 |
_aLos especiales de A la orilla del viento ; _933315 |
||
| 650 |
_aLiteratura infantil _9588 |
||
| 942 |
_2ddc _cLIBROS |
||
| 945 |
_aacv _d2019-04-26 |
||